|
|
|
|
| LEADER |
00000nam a2200000 4500 |
| 001 |
vtls012266991 |
| 003 |
SK-MaSNL |
| 005 |
20260301214107.0 |
| 008 |
241115s2024 xxubo frn 001 0 eng |
| 015 |
|
|
|a SNBZSA2025/6
|
| 020 |
|
|
|a 9780814349502
|q (viazané)
|
| 040 |
|
|
|a SNK
|b slo
|c SNK
|e rda
|
| 041 |
0 |
|
|a eng
|
| 044 |
|
|
|a xxu
|c US
|
| 072 |
|
7 |
|a 316.4/.7
|x Sociálne interakcie
|2 konspekt
|
| 080 |
|
|
|a 316.6:159.953
|2 2011
|
| 080 |
|
|
|a (=411.16)
|2 2011
|
| 080 |
|
|
|a 323.12"1939/1945"
|2 2011
|
| 080 |
|
|
|a 94(100)"1939/1945"
|2 2011
|
| 080 |
|
|
|a (082)
|2 2011
|
| 245 |
1 |
4 |
|a The rescue turn and the politics of holocaust memory
|c edited by Natalia Aleksiun, Raphael Utz, and Zofia Wóycicka
|
| 264 |
|
1 |
|a Detroit
|b Wayne State University Press
|c 2024
|
| 300 |
|
|
|a 401 strán
|b fotografie, mapy
|c 24 cm
|
| 336 |
|
|
|a text
|b txt
|2 rdacontent
|
| 337 |
|
|
|a bez média
|b n
|2 rdamedia
|
| 338 |
|
|
|a zväzok
|b nc
|2 rdacarrier
|
| 504 |
|
|
|a Bibliografia za jednotlivými príspevkami, menný a miestny register
|
| 650 |
0 |
7 |
|a sociálna pamäť
|2 SNKPH
|9 89536
|
| 650 |
0 |
7 |
|a Židia
|2 SNKPH
|9 3760
|
| 650 |
0 |
7 |
|a holokaust (1939-1945)
|2 SNKPH
|9 160313
|
| 650 |
0 |
7 |
|a Social memory
|2 SNKPH
|9 302506
|
| 650 |
0 |
7 |
|a Jews
|2 SNKPHeng
|9 267345
|
| 650 |
0 |
7 |
|a Holocaust (1939-1945)
|2 SNKPHeng
|9 164372
|
| 650 |
0 |
7 |
|a druhá svetová vojna (1939-1945)
|2 SNK
|9 169657
|
| 650 |
0 |
7 |
|a World War (1939-1945)
|2 SNKPHeng
|9 284172
|
| 655 |
|
7 |
|a zborníky
|2 SNKPH
|9 70165
|
| 655 |
|
7 |
|a Papers of several authors
|2 SNKPHeng
|9 153738
|
| 700 |
1 |
|
|a Aleksiun, Natalia,
|d 1971-
|4 edt
|9 224024
|
| 700 |
1 |
|
|a Utz, Raphael,
|d 1970-
|4 edt
|9 601965
|
| 700 |
1 |
|
|a Wóycicka, Zofia,
|d 1976-
|4 edt
|9 601966
|
| 852 |
|
|
|a Slovenská národná knižnica
|
| 919 |
|
|
|a 9780814349502
|
| 954 |
|
|
|a odborná, vedecká literatúra cudzojazyčná (svetová)
|2 lita
|
| 958 |
|
|
|a ZS
|
| 958 |
|
|
|a NB
|
| 958 |
|
|
|a ZD
|
| 999 |
|
|
|c 923710
|d 925640
|
| 952 |
|
|
|a SNK
|b SNK
|y PREZ
|7 0
|p 17A1561800
|o snkSC 208592
|i snk2024/17439
|8 3
|g 129.80
|0 0
|1 0
|4 0
|d 2024-11-15
|l 0
|r 2025-10-31 00:00:00
|w 2026-02-24
|